Prueba de Guinea-Bisau - Estadísticas

Estadísticas generales
  • Esta prueba ha sido intentada 881 veces
  • La puntuación promedio es 8 de 17
Estadísticas de respuestas
Pregunta Respuesta % Correcto
¿Con qué otros países es limítrofe? Guinea
94%
Senegal
87%
Capital Bisau
86%
¿De qué país obtuvo su independencia en el año 1974? Portugal
85%
Lengua más hablada Criollo de Guinea-Bisau (portugués)
72%
Sector económico o profesional que más dinero aporta a su PIB Agricultura
60%
Forma de organización familiar y/o política en la cual el poder es ejercido por la mujer y en la que se basan las islas anteriormente mencionadas Matriarcado
49%
Moneda (compartida con otros 7 países) Franco CFA de África Occidental
46%
Debido a su forma irregular, Guinea-Bisau es el 8º país africano con mayor... Línea costera
43%
Como otras muchas colonias del África Occidental, Guinea-Bisau se encontraba dentro de este acuerdo Trata de {esclavos} del Atlántico
41%
Tipo de fruto seco que supone la mayor exportación de esta nación Anacardo
23%
Tipo de formación vegetal que cubre la mayoría de la línea costera Manglar
22%
¿Cuáles son las 3 principales etnias? Fula
14%
Archipiélago constituido por 88 islas al oeste de Guinea-Bisau Islas Bijagos
11%
Mandinga
10%
Héroe nacional independentista asesinado en el año 1973 Amílcar Cabral
9%
Balanta
8%
No se encontraron pruebas coincidentes
Distribución de puntuación
Porcentaje de gente con cada puntuación
Porcentaje por número respondido
Historial de tus puntuaciones
No has intentado esta prueba.